000 00650nam a22002177a 4500
003 UA-OsUOA
001 115763
007 ta
008 20160118b un ||||| |||| 00| 0 ukr d
100 _aПоліщук В.
090 _a82
_bП50
942 _cSA
040 _aUA-OsUOA
_bukr
_cUA-OsUOA
_dUA-OsUOA
245 _aСвітоглядно-автобіографічна семантика повістини Михайла Старицького "Зарница"
300 _aС.18-24
955 _a0
041 _aukr
080 _a82
773 0 _w115761
650 7 _a82 Література. Літературознавство
_2UDC
999 _c401579
_d401579